NFL to CFB - Statistics

General Stats
  • This quiz has been taken 74 times
  • The average score is 15 of 32
Answer Stats
NFL CFB % Correct
Bears Northwestern
78%
Vikings Minnesota
76%
Packers Wisconsin
73%
Dolphins Miami
59%
Bills Buffalo
56%
Steelers Pitt
56%
Seahawks Washington
56%
Cardinals Arizona State
54%
Bengals Cincinnati
54%
Raiders Nevada, Las Vegas
54%
Broncos Colorado
52%
Colts Indianna
52%
Chiefs Kansas
51%
Rams Southern California
51%
Giants Rutgers
49%
Commanders Maryland
46%
Lions Eastern Michigan
44%
Cowboys Texas Christian
44%
Titans Vanderbilt
44%
Patriots Boston College
43%
Chargers Southern California
43%
Eagles Temple
41%
Saints Tulane
41%
Jaguars Florida
40%
Falcons Georgia State
40%
Jets Rutgers
38%
Buccaneers South Florida
38%
Browns Akron
35%
Panthers Charlotte
35%
Texans Rice
35%
Ravens Navy
27%
49ers San Jose State
21%
No matching quizzes found
Score Distribution
Percent of People with Each Score
Percentile by Number Answered
Your Score History
You have not taken this quiz